| 000 | 01759nam a2200409 a 4500 | ||
|---|---|---|---|
| 999 |
_c389278 _d389278 |
||
| 003 | BLK | ||
| 005 | 20230628123032.0 | ||
| 008 | 200929b bu ||||| |||| 00| 0 bu d | ||
| 040 | _aBLK | ||
| 041 |
_aBUL _cBUL |
||
| 072 | 7 |
_2bullib _aН70 _xИзкуства Н |
|
| 080 |
_aЖивопис - художници _b75.071.1 _x(497.2)(092)(083.824) _z75.071.1(497.2)(092)(083.824) |
||
| 080 |
_aЖивопис _b75 _x(497.2)(083.824) _z75(497.2)(083.824) |
||
| 080 |
_aБългарска художничка _b929 Баларева-Попова, Васка Иванова _z929 Баларева-Попова, Васка Иванова |
||
| 139 |
_aПопова-Баларева, Васка Иванова _bП 76 |
||
| 245 | 1 | 0 |
_aВаска Попова-Баларева (1902 - 1979) _bКаталог _cВаска Иванова Попова-Баларева. |
| 257 | _aBGR | ||
| 260 |
_bб.и. _cб.г. _9393107 |
||
| 300 |
_a36 с. _bс цв. ил _c23X22 см |
||
| 380 | _a7 | ||
| 500 | _aИзд. e по случай 80 години от рождението на майката | ||
| 600 | 1 | 4 |
_aПопова-Баларева, Васка Иванова _9352044 |
| 650 | 4 |
_aЖивопис, българска _9279805 |
|
| 650 | 4 |
_aХудожници, български - албуми _9290224 |
|
| 651 | 4 |
_aБългария _9241624 |
|
| 653 | _aживопис | ||
| 653 | _aбългарски художници | ||
| 653 | _aВаска Попова-Баларева | ||
| 659 | _aН | ||
| 700 | 1 |
_aПопова-Баларева, Васка Иванова _9352044 |
|
| 852 |
_aЦб 301821 _bЦб |
||
| 856 | 4 |
_qpdf _u |
|
| 856 | 4 |
_qpdf _u |
|
| 942 |
_cKNG _n0 _s1 _01 |
||
| 944 |
_aCR _c2020-09-29 _kК.Д. |
||
| 999 | _d389278 | ||